MARC

LEADER 00000nam0a2200000 4500
001 317183
005 20231102002941.0
010 |b 5000 экз. 
035 |a (RuTPU)RU\TPU\book\342651 
090 |a 317183 
100 |a 20160405d1933 m y0rusy50 ca 
101 0 |a rus 
102 |a RU 
105 |a a j 001zy 
200 1 |a Основные вопросы теплофикации городов  |e учебное пособие  |f В. В. Дмитриев 
210 |a Ленинград  |a Москва  |c ОНТИ  |c Государственное научно-техническое изд-во строительной индустрии и судостроения  |d 1933 
215 |a 204 с.  |c ил. 
316 |5 63413507: М-132542  |a На титульном листе владельческая подпись: "Бутаков" 
317 |5 63413507: М-132542  |a Поступила в НТБ в 1970 г. в составе книжного собрания профессора ТПИ И. Н. Бутакова 
320 |a Приложения. Таблицы и рисунки: с. 198-203 
606 1 |a Теплоподготовительные станции  |2 stltpush  |3 (RuTPU)RU\TPU\subj\59792  |9 77290 
610 1 |a города 
610 1 |a теплофикация 
610 1 |a отопление 
610 1 |a энергоснабжение 
610 1 |a учебные пособия 
610 1 |a владельческая надпись 
610 1 |a библиотека И. Н. Бутакова 
675 |a 621.186.2(075.8)  |v 4 
700 1 |a Дмитриев  |b В. В. 
801 1 |a RU  |b 63413507  |c 20160405 
801 2 |a RU  |b 63413507  |c 20190731  |g RCR 
942 |c BK